| 000 | 00828nam a22002177a 4500 | ||
|---|---|---|---|
| 003 | OSt | ||
| 005 | 20241130111219.0 | ||
| 008 | 241130b |||||||| |||| 00| 0 eng d | ||
| 020 | _a9780406851246 | ||
| 040 | _cCentral University Library | ||
| 245 |
_aThe All England Law Reports 1979 Vol. 2 _cEditors: Peter Hutchesson; Brook Watson; Wendy Shockett |
||
| 260 |
_aLondon, United Kingdom _bButterworth & Co. (Publishers) Ltd. _c1979 |
||
| 300 |
_a1248 pages _c23.5 cm |
||
| 490 | _3Law Reports | ||
| 500 | _aTHE ALL ENGLAND LAW REPORTS - 1979 VOLUME 2. | ||
| 600 |
_2Law Reports _xEngland |
||
| 700 |
_aPeter Hutchesson (Barrister, New Zealand) _eEditor |
||
| 700 |
_aBrook Watson (Barrister, New South Wales) _eAssistant Editor |
||
| 700 |
_aWendy Shockett (of Gray's Inn, Barrister) _eConsulting Editor |
||
| 942 |
_2lcc _cBK _n0 |
||
| 999 |
_c1822 _d1822 |
||